Ultra-Trails en France - Statistiques

Statistiques générales
  • Ce quiz a été pris 266 fois
  • Le résultat moyen est 6 sur 23
Statistiques - réponses
Hint Réponse % Correct
Trail iconique traversant 3 pays, connu mondialement. UTMB - Ultra-Trail du Mont Blanc
96%
Cet ultra traverse une île française de l’océan indien. Diagonale des Fous (Grand Raid de la Réunion)
90%
Épreuve reliant les villes de Saint-Étienne et Lyon Sainté-Lyon
89%
Double de la précédente Lyon-Sainté-Lyon
60%
Ce trail fait le tour du lac d'Annecy Maxi Race
51%
Il traverse les régions de Millau et de l'Aveyron depuis 1995 Trail des Templiers
40%
Cette course non-officielle se déroule sur des escaliers parisiens. UTMM - Ultra-Trail Montmartre
36%
Son parcours gravit le plus haut sommet du Vaucluse Trail du Ventoux
24%
Il porte le numéro de son département Ultra 01
22%
Il traverse les massifs de Belledonne, de la Chartreuse, du Vercors et de l'Oisans UT4M - Ultra-Trail des 4 Massifs
16%
Cette course traverse la station de ski de La Plagne 6000D (La Course des Géants)
14%
Labellisée UTMB, cette course arpente la French Riviera Nice Côte d'Azur by UTMB
13%
Il se déroule entre Vizille et Aiguebelle, en Isère et Savoie Échappée Belle
11%
Cette épreuve passe par de nombreux cirques, le Pic du Midi de Bigorre, ou encore le célèbre col du Tourmalet Grand Raid des Pyrénées
11%
224km autour de la chaîne des Puys, en Auvergne VVX - Volvic Volcanic Experience
9%
Des épreuves jusqu’à 200km dans les forêts vosgiennes IT - L'Infernal Trail des Vosges
6%
Cette course empreinte des ponts suspendus au dessus d'un lac dans l'Isère. Trail des Passerelles du Monteynard
5%
Dans la région de Lens, ce trail trouve son dénivelé grâce aux "terrils" Trail des Pyramides Noires
5%
Départ de Monaco direction les Alpes du Sud UTCAM - Ultra-trail Côte d'Azur Mercantour
5%
Son parcours passe par 10 forts de Bourgogne-Franche Compté Trail des Forts de Besançon
4%
Selon la distance, vous ferrez le trail des pèlerins, des celtes, des païens ou des chevaliers Trail Alsace Grand Est by UTMB
3%
Ce trail arpente le massif vosgien et fait le tour des châteaux d'Alsace UTHK - Ultra-Trail du Haut Koenigsbourg
2%
Son départ est donné sur la plus belle place d'Europe UTTN - Ultra-Trail Tour de Nancy
2%
Aucun quiz correspondant
Distribution des résultats
% des personnes avec chaque résultat
Percentile par nombre de réponses
Votre historique - résultats
Vous n’avez pas pris ce quiz